Vedecká konferencia pri príležitosti 50. výročia založenia SVŠT. Odbor Priemyselná výroba stavebných hmôt a dielcov : zborník referátov. Bratislava, SR, 24. - 25. 3. 1988

Na minha lista:
Detalhes bibliográficos
Formato: Livro
Idioma:eslovaco
Publicado em: Bratislava : Slovenská vysoká škola technická v Bratislave, Stavebná fakulta, 1988
Tags: Adicionar Tag
Sem tags, seja o primeiro a adicionar uma tag!

MARC

LEADER 00000nam a22000003a 4500
001 0016396
003 SK-STU
005 20160810132631.1
007 ta
008 160810s ----xo-----e------100-0-----d
040 |a STU  |b slo 
041 0 |a slo 
044 |a xo 
245 1 0 |a Vedecká konferencia pri príležitosti 50. výročia založenia SVŠT. Odbor Priemyselná výroba stavebných hmôt a dielcov :  |b zborník referátov. Bratislava, SR, 24. - 25. 3. 1988 
260 |a Bratislava :  |b Slovenská vysoká škola technická v Bratislave, Stavebná fakulta,  |c 1988 
300 |a 180 s. 
996 |b 284V028483  |c V* 2363/sc-16  |l VVT  |s A  |a 24  |w 0016396_0001